LEADER 02411nam 2200601Ia 450 001 9910782180003321 005 20230620175549.0 010 $a1-282-15262-9 010 $a9786612152627 010 $a90-272-9197-7 035 $a(CKB)1000000000534958 035 $a(OCoLC)647673103 035 $a(CaPaEBR)ebrary10196557 035 $a(SSID)ssj0000110860 035 $a(PQKBManifestationID)11143288 035 $a(PQKBTitleCode)TC0000110860 035 $a(PQKBWorkID)10064941 035 $a(PQKB)10418735 035 $a(MiAaPQ)EBC622268 035 $a(Au-PeEL)EBL622268 035 $a(CaPaEBR)ebr10196557 035 $a(CaONFJC)MIL215262 035 $a(EXLCZ)991000000000534958 100 $a20070914d2007 uy 0 101 0 $aeng 135 $aurcn||||||||| 181 $ctxt$2rdacontent 182 $cc$2rdamedia 183 $acr$2rdacarrier 200 10$aBeyond coherence $ethe syntax of opacity in German 210 1$aAmsterdam :$cJohn Benjamins,$d2007. 215 $a1 online resource (vii, 206 pages) $cillustrations 225 1 $aLinguistik aktuell =$aLinguistics today ;$vv. 114 300 $aBibliographic Level Mode of Issuance: Monograph 311 0 $a90-272-3378-0 327 $aBeyond Coherence; Editorial page; Title page; LCC data; Table of Contents; Preface; Introduction; I. Reduced Infinitive Constructions; II. The Possessor Dative Construction; III. Coherence By Phase; Appendix A; Appendix B; Bibliography; Name Index; Subject Index; The series Linguistik Aktuell/Linguistics Today 330 $aThe overarching theme of this volume is one of the central concerns of syntactic theory: How local is syntax, and what are the measures of syntactic locality? It is argued here that movement and anaphoric relations are governed by a unified concept of locality: the phase. 410 0$aLinguistik aktuell ;$vBd. 114. 606 $aGerman language$xSyntax 606 $aGerman language$xInfinitival constructions 606 $aGerman language$xPossessives 615 0$aGerman language$xSyntax. 615 0$aGerman language$xInfinitival constructions. 615 0$aGerman language$xPossessives. 676 $a435 700 $aLee-Schoenfeld$b Vera$01521627 801 0$bMiAaPQ 801 1$bMiAaPQ 801 2$bMiAaPQ 906 $aBOOK 912 $a9910782180003321 996 $aBeyond coherence$93760945 997 $aUNINA LEADER 01612nam0 22003853i 450 001 UAN0094849 005 20251003044417.0 010 $a0071128115 100 $a20070914d1992 ||||0itac50 ba 101 | $aeng 102 $asg 181 1$6z01$ai $bxxxe 182 1$6z01$an 200 1 $aEconomics$fPaul A. Samuelson, William D. Nordhaus 205 $a14. ed 210 $aNew York [etc.]$cMcGraw-Hill$d1992 215 $aXLII, 784 p.$cill.$d26 cm. 606 $aEconomia$2FIR$3CFIC000524$9E 676 $a330$9Economia$v14 696 $aEconomia reale$aAttivitą economiche$aAspetti economici 699 $aEconomia$yEconomia reale 699 $aEconomia$zAttivitą economiche 699 $aEconomia$zAspetti economici 700 1$aSamuelson$b, Paul A.$3CFIV005606$4070$0440036 701 1$aNordhaus$b, William D.$3CFIV032216$4070$0106474 790 1$aSamuelson$b, Paul Anthony$3SBNV098765$zSamuelson, Paul A. 790 1$aSamuelson$b, Paul Abraham$3UTOV565611$zSamuelson, Paul A. 801 3$aIT$bIT-000000$c20070914 850 $aIT-BN0095 901 $bNAP 01$cPOZZO LIB.$nVi sono collocati fondi di economia, periodici di ingegneria e scienze, periodici di economia e statistica e altri fondi comprendenti documenti di economia pervenuti in dono. 912 $aUAN0094849 950 0$aBiblioteca Centralizzata di Ateneo$b1 v.$c1 v.$d 01POZZO LIB.ECON MON 9384$e 0101 0000086155E VMA 1 v. (precedente collocazione: GUERRAZZI C 41)$fB $h20070914$i20070914 977 $a 01 996 $aEconomics$93008286 997 $aUNISANNIO LEADER 03381nam 22006015 450 001 9910155274203321 005 20251116173449.0 010 $a9783319468310 024 7 $a10.1007/978-3-319-46831-0 035 $a(CKB)3710000000964714 035 $a(DE-He213)978-3-319-46831-0 035 $a(MiAaPQ)EBC4749007 035 $a(PPN)19714120X 035 $a(EXLCZ)993710000000964714 100 $a20161126d2016 u| 0 101 0 $aeng 135 $aurnn|008mamaa 181 $ctxt$2rdacontent 182 $cc$2rdamedia 183 $acr$2rdacarrier 200 10$aNice Numbers /$fby John Barnes 205 $a1st ed. 2016. 210 1$aCham :$cSpringer International Publishing :$cImprint: Birkhäuser,$d2016. 215 $a1 online resource (XIII, 329 p. 152 illus., 39 illus. in color.) 311 08$a3-319-46830-8 311 08$a3-319-46831-6 320 $aIncludes bibliographical references and index. 327 $aPreface -- Measures -- Amicable numbers -- Probability -- Fractions -- Time -- Notations -- Bells -- Primes -- Music -- Finale -- Appendix. 330 $aIn this intriguing book, John Barnes takes us on a journey through aspects of numbers much as he took us on a geometrical journey in Gems of Geometry. Similarly originating from a series of lectures for adult students at Reading and Oxford University, this book touches a variety of amusing and fascinating topics regarding numbers and their uses both ancient and modern. The author intrigues and challenges his audience with both fundamental number topics such as prime numbers and cryptography, and themes of daily needs and pleasures such as counting one's assets, keeping track of time, and enjoying music. Puzzles and exercises at the end of each lecture offer additional inspiration, and numerous illustrations accompany the reader. Furthermore, a number of appendices provides in-depth insights into diverse topics such as Pascal?s triangle, the Rubik cube, Mersenne?s curious keyboards, and many others. A theme running through is the thought of what is our favourite number. Written in an engaging and witty style and requiring only basic school mathematical knowledge, this book will appeal to both young and mature readers fascinated by the curiosities of numbers. 606 $aNumber theory 606 $aAlgebra 606 $aMathematics 606 $aApplied mathematics 606 $aEngineering mathematics 606 $aNumber Theory$3https://scigraph.springernature.com/ontologies/product-market-codes/M25001 606 $aAlgebra$3https://scigraph.springernature.com/ontologies/product-market-codes/M11000 606 $aMathematics in Music$3https://scigraph.springernature.com/ontologies/product-market-codes/M33000 606 $aApplications of Mathematics$3https://scigraph.springernature.com/ontologies/product-market-codes/M13003 615 0$aNumber theory. 615 0$aAlgebra. 615 0$aMathematics. 615 0$aApplied mathematics. 615 0$aEngineering mathematics. 615 14$aNumber Theory. 615 24$aAlgebra. 615 24$aMathematics in Music. 615 24$aApplications of Mathematics. 676 $a512.7 700 $aBarnes$b John$4aut$4http://id.loc.gov/vocabulary/relators/aut$027289 906 $aBOOK 912 $a9910155274203321 996 $aNice numbers$91523501 997 $aUNINA